| 000 | 01516cam a22003977a 4500 | ||
|---|---|---|---|
| 001 | 14002311 | ||
| 003 | USPCAS-E | ||
| 005 | 20180118181418.0 | ||
| 008 | 050614s2005 gw a b 001 0 eng d | ||
| 010 | _a 2005278192 | ||
| 020 | _a9783527405985 | ||
| 020 | _a3527405984 (pbk.) | ||
| 035 | _a(OCoLC)ocm60578415 | ||
| 040 |
_aTEF _cTEF _dDLC |
||
| 042 | _alccopycat | ||
| 050 | 0 | 0 |
_aQC311 _b.B95 2005 |
| 082 | 0 | 4 |
_a536.7 _222 _bBUR-I 2005 |
| 100 | 1 |
_aBurshteĭn, A. I. _q(Anatoliĭ Izrailevich) |
|
| 245 | 1 | 0 |
_aIntroduction to thermodynamics and kinetic theory of matter / _cA.I. Burshstein [sic]. |
| 250 | _a2nd ed. | ||
| 260 |
_aWeinheim : _bWiley-VCH, _cc2005. |
||
| 300 |
_axiii, 336 p. : _bill. ; _c24 cm. |
||
| 440 | 0 | _aPhysics textbook | |
| 502 | _a. | ||
| 504 | _aIncludes bibliographical references (p. 331-332) and index. | ||
| 505 | 0 | _aGases -- Radiation -- Crystals -- Liquids -- Thermodynamics. | |
| 650 | 0 | _aThermodynamics. | |
| 650 | 0 | _aKinetic theory of matter. | |
| 653 | 0 | _aThermodynamics | |
| 856 | 4 | 2 |
_3Contributor biographical information _uhttp://www.loc.gov/catdir/enhancements/fy0626/2005278192-b.html |
| 856 | 4 | 2 |
_3Publisher description _uhttp://www.loc.gov/catdir/enhancements/fy0626/2005278192-d.html |
| 856 | 4 | 1 |
_3Table of contents only _uhttp://www.loc.gov/catdir/enhancements/fy0626/2005278192-t.html |
| 906 |
_a7 _bcbc _ccopycat _d2 _encip _f20 _gy-gencatlg |
||
| 942 |
_2ddc _cBK |
||
| 999 |
_c355944 _d355944 |
||